Statistics for Brighton & Hove Albion Premier League Players

Click here to take the quiz!

General Stats

  • This quiz has been taken 1,007 times
    (7 since last reset)
  • The average score is 32 of 81

Answer Stats

The Seagulls% Correct
Danny Welbeck
100%
Kaoru Mitoma
100%
Lewis Dunk
100%
Moisés Caicedo
100%
Pascal Groß
100%
Pervis Estupiñán
100%
Robert Sánchez
100%
Alexis Mac Allister
83%
Marc Cucurella
83%
Neal Maupay
83%
Tariq Lamptey
83%
Adam Lallana
67%
Adam Webster
67%
Bart Verbruggen
67%
Evan Ferguson
67%
James Milner
67%
Mathew Ryan
67%
Nathan Ferguson
67%
Solly March
67%
Ben White
50%
Dale Stephens
50%
Glenn Murray
50%
Jan Paul van Hecke
50%
Jason Steele
50%
João Pedro
50%
Joël Veltman
50%
Julio Enciso
50%
Leandro Trossard
50%
Yves Bissouma
50%
Aaron Mooy
33%
Alireza Jahanbakhsh
33%
Ansu Fati
33%
Beram Kayal
33%
Bernardo
33%
Bruno
33%
Carlos Baleba
33%
Connor Goldson
33%
Dan Burn
33%
David Button
33%
Davy Pröpper
33%
Deniz Undav
33%
Florin Andone
33%
Gaëtan Bong
33%
Izzy Brown
33%
Jakub Moder
33%
Jeremy Sarmiento
33%
Jose Izquierdo
33%
Jürgen Locadia
33%
Leon Balogun
33%
Mahmoud Dahoud
33%
Shane Duffy
33%
Simon Adingra
33%
Tomer Hemed
33%
Aaron Connolly
17%
Anthony Knockaert
17%
Billy Gilmour
17%
Enock Mwepu
17%
Ezequiel Schelotto
17%
Facundo Buonanotte
17%
Igor Julio
17%
Jack Hinshelwood
17%
Jamie Murphy
17%
Jayson Molumby
17%
Leonardo Ulloa
17%
Levi Colwill
17%
Martín Montoya
17%
Percy Tau
17%
Steven Alzate
17%
Taylor Richards
17%
Valentín Barco
17%
Andi Zeqiri
0%
Andrew Moran
0%
Benicio Baker-Boaitey
0%
Cameron Peupion
0%
Liam Rosenior
0%
Mark O'Mahony
0%
Markus Suttner
0%
Odeluga Offiah
0%
Reda Khadra
0%
Uwe Hünemeier
0%
Yasin Ayari
0%

Score Distribution

Percentile by Number Answered

Percent of People with Each Score

Your Score History

You have not taken this quiz since the last reset